Normal view
MARC view
- Bernstein, Jonathan
Entry Personal Name
001 - CONTROL NUMBER
- control field: 9107
003 - CONTROL NUMBER IDENTIFIER
- control field: OSt
005 - DATE AND TIME OF LATEST TRANSACTION
- control field: 20180913101942.0
008 - FIXED-LENGTH DATA ELEMENTS
- fixed length control field: 180913|| aca||aabn | a|a d
040 ## - CATALOGING SOURCE
- Original cataloging agency: OSt
- Transcribing agency: OSt
100 ## - HEADING--PERSONAL NAME
- Personal name: Bernstein, Jonathan
- Fuller form of name: (Jonathan L.)
670 ## - SOURCE DATA FOUND
- Source citation: Work cat.: (OSt)0: Bernstein, Jonathan (Jonathan L.), Manager's guide to crisis management /, c2011

PORTAL AKMAL
E-MEL JKDM
AKMAL2U
G-BAM
u-PUSTAKA